000 00770nam a2200253Ia 4500
003 OSt
005 20221005034020.0
006 a|||||r|||| 00| 0
007 ta
008 221004b |||||||| |||| 00| 0 urd d
020 _a9789350730089 (hbk)
_c700
024 _a4711
037 _b6070, 25/03/2013, Educational Publishing House
_cTextual
040 _aCRL
_cCRL
_burd
041 _2urd
_aurd
082 _aO168,3N29w, Q2
100 _aMateen Iqbal
_9586591
245 0 _aIqbal mateen se unsiyat
260 _aDelhi
_bEducational India
_c2012
300 _a598p.
_ccm.
650 _aURDU FICTION
_93298
942 _hO168,3N29w, Q2
_cTEXL
_2cc
999 _c942527
_d942527